Online Catalogue and eLibrary

The Role of the law enforcement officer in the protection of human rights. (Record no. 580)

MARC details
000 -LEADER
fixed length control field 00706cam a2200229 a 4500
001 - CONTROL NUMBER
control field 3395355
005 - DATE AND TIME OF LATEST TRANSACTION
control field 20240318075915.0
008 - FIXED-LENGTH DATA ELEMENTS--GENERAL INFORMATION
fixed length control field 881007s1986 ce b 100 0 eng
020 ## - INTERNATIONAL STANDARD BOOK NUMBER
ISBN 9555920001
040 ## - CATALOGING SOURCE (பட்டியலாக்க மூலம்)
Original cataloging agency DLC
Transcribing agency DLC
Modifying agency DLC
082 00 - DDC Classification
Class No. 323.4
DDC Edition Number 20
Item Number - Author Mark THE.
245 04 - TITLE STATEMENT
Title The Role of the law enforcement officer in the protection of human rights.
250 ## - EDITION STATEMENT
Edition statement 1st ed.
260 ## - PUBLICATION, DISTRIBUTION, ETC.
Place of publication, distribution, etc. Colombo, Sri Lanka :
Name of publisher, distributor, etc. Sri Lanka Foundation,
Date of publication, distribution, etc. 1986.
300 ## - PHYSICAL DESCRIPTION
Extent (e.g. Volumes, Pages etc.) 223 p. ;
490 1# - SERIES STATEMENT
Series statement Monograph series ;
500 ## - GENERAL NOTE
General note Papers presented at a conference organized by Sri Lanka Foundation, from 13th to 21st February 1984.
650 #0 - SUBJECT ADDED ENTRY--TOPICAL TERM
Topical term or geographic name entry element Criminal procedure
650 #0 - SUBJECT ADDED ENTRY--TOPICAL TERM
Topical term or geographic name entry element Civil rights
650 #0 - SUBJECT ADDED ENTRY--TOPICAL TERM
Topical term or geographic name entry element Police
942 ## - Koha item type (Biblio)
Koha item type Books in Stacks (Lending)
Holdings
Lost status Damaged status Collection code Home library Current library Date acquired Full call number Accession Number Item type
    Lending WERC Library WERC Library 03/18/2024 323.4 THE. 55 Books in Stacks (Lending)

© WERC Library